500 plus grandes villes de France par les deux premières lettres - Statistiques

Statistiques générales
  • Ce quiz a été pris 2 390 fois
  • Le résultat moyen est 357 sur 500
Réponses sur la Carte
Les réponses sont colorées sur une échelle allant du rouge au vert en fonction du pourcentage des utilisateurs qui les ont devinées à leur premier essai. Vous pouvez retrouver ces pourcentages ci-dessous.
 
Statistiques - réponses
Pop Ville % Correct
23 898 Les Pavillons-sous-Bois
99%
24 563 Païta
98%
35 236 Palaiseau
98%
59 846 Pantin
98%
26 927 Papeete
98%
2 165 423 Paris
98%
75 627 Pau
98%
30 861 Pierrefitte-sur-Seine
98%
21 856 La Madeleine
97%
23 890 Le Bouscat
97%
41 887 Le Cannet
97%
143 847 Le Mans
97%
45 030 Les Sables-d'Olonne
97%
56 902 Saint-André
97%
37 036 Saint-Benoît
97%
43 605 Saint-Brieuc
97%
34 841 Saint-Chamond
97%
30 012 Saint-Cloud
97%
19 792 Saint-Cyr-l'École
97%
112 852 | 153 810 Saint-Denis
97%
19 576 Saint-Dié-des-Vosges
97%
22 928 Saint-Dizier
97%
24 151 Sainte-Anne
97%
22 175 Sainte-Foy-lès-Lyon
97%
35 830 Sainte-Geneviève-des-Bois
97%
34 061 Sainte-Marie
97%
24 065 Sainte-Suzanne
97%
173 821 Saint-Étienne
97%
28 352 Saint-Étienne-du-Rouvray
97%
19 617 Saint-Fons
97%
20 914 Saint-Genis-Laval
97%
44 806 Saint-Germain-en-Laye
97%
20 895 Saint-Gratien
97%
47 415 Saint-Herblain
97%
21 288 Saint-Jean-de-Braye
97%
37 918 Saint-Joseph
97%
47 621 Saint-Laurent-du-Maroni
97%
29 169 Saint-Laurent-du-Var
97%
34 586 Saint-Leu
97%
22 413 | 53 120 Saint-Louis
97%
46 803 Saint-Malo
97%
22 377 Saint-Mandé
97%
32 489 Saint-Martin
97%
37 935 Saint-Martin-d'Hères
97%
74 976 Saint-Maur-des-Fossés
97%
31 808 Saint-Médard-en-Jalles
97%
20 484 Saint-Michel-sur-Orge
97%
71 394 Saint-Nazaire
97%
24 674 Saint-Ouen-l'Aumône
97%
50 697 Saint-Ouen-sur-Seine
97%
103 208 Saint-Paul
97%
84 982 Saint-Pierre
97%
46 927 Saint-Priest
97%
53 570 Saint-Quentin
97%
36 027 Saint-Raphaël
97%
27 493 Saint-Sébastien-sur-Loire
97%
22 149 Le Moule
96%
23 447 Les Lilas
96%
77 205 La Rochelle
95%
55 147 La Roche-sur-Yon
95%
20 917 Le Mée-sur-Seine
95%
21 913 Le Robert
95%
33 908 Mâcon
95%
56 483 Maisons-Alfort
95%
23 361 Maisons-Laffitte
95%
30 950 Malakoff
95%
71 437 Mamoudzou
95%
21 998 Mandelieu-la-Napoule
95%
22 528 Manosque
95%
43 921 Mantes-la-Jolie
95%
20 818 Mantes-la-Ville
95%
38 486 Marcq-en-Barœul
95%
32 384 Marignane
95%
870 731 Marseille
95%
48 574 Martigues
95%
50 644 Massy
95%
33 458 Matoury
95%
29 589 Maubeuge
95%
45 053 La Courneuve
94%
32 985 La Possession
94%
31 233 Le Chesnay-Rocquencourt
94%
33 588 Le Perreux-sur-Marne
94%
22 000 Le Petit-Quevilly
94%
32 977 Le Port
94%
21 623 Les Pennes-Mirabeau
94%
19 551 La Chapelle-sur-Erdre
93%
24 087 La Valette-du-Var
93%
40 095 Le Lamentin
93%
33 203 Les Mureaux
93%
54 363 Bobigny
92%
28 841 Bois-Colombes
92%
54 587 Bondy
92%
260 958 Bordeaux
92%
19 903 Bouguenais
92%
121 583 Boulogne-Billancourt
92%
40 251 Boulogne-sur-Mer
92%
41 111 Bourg-en-Bresse
92%
64 541 Bourges
92%
21 050 Bourg-la-Reine
92%
19 792 Bourg-lès-Valence
92%
28 834 Bourgoin-Jallieu
92%
21 269 Le Creusot
92%
25 963 Le Grand-Quevilly
92%
168 290 Le Havre
92%
24 971 Le Kremlin-Bicêtre
92%
53 514 Les Abymes
92%
79 824 Le Tampon
92%
25 287 Saintes
92%
45 386 Salon-de-Provence
92%
26 565 Sannois
92%
59 196 Sarcelles
92%
20 635 Sarreguemines
92%
52 774 Sartrouville
92%
26 467 Saumur
92%
29 987 Savigny-le-Temple
92%
36 577 Savigny-sur-Orge
92%
30 440 Cachan
91%
106 230 Caen
91%
52 178 Cagnes-sur-Mer
91%
19 937 Cahors
91%
72 509 Calais
91%
43 294 Caluire-et-Cuire
91%
32 176 Cambrai
91%
74 545 Cannes
91%
46 825 Carcassonne
91%
29 236 Carpentras
91%
20 365 Carquefou
91%
22 534 Castelnau-le-Lez
91%
42 079 Castres
91%
26 236 Cavaillon
91%
65 493 Cayenne
91%
24 257 Libourne
91%
30 112 Liévin
91%
234 475 Lille
91%
27 833 Limeil-Brévannes
91%
130 876 Limoges
91%
19 439 Lingolsheim
91%
20 038 Lisieux
91%
20 042 L' Isle-sur-la-Sorgue
91%
45 692 Livry-Gargan
91%
21 277 Mons-en-Barœul
91%
20 424 Montaigu-Vendée
91%
61 372 Montauban
91%
25 806 Montbéliard
91%
29 807 Mont-de-Marsan
91%
27 620 Mont-Dore
91%
39 818 Montélimar
91%
21 229 Montereau-Fault-Yonne
91%
27 928 Montfermeil
91%
23 760 Montgeron
91%
32 282 Montigny-le-Bretonneux
91%
21 528 Montigny-lès-Cormeilles
91%
21 879 Montigny-lès-Metz
91%
34 361 Montluçon
91%
21 723 Montmorency
91%
295 542 Montpellier
91%
111 240 Montreuil
91%
48 352 Montrouge
91%
20 124 Morsang-sur-Orge
91%
19 982 Mougins
91%
22 030 Torcy
91%
178 745 Toulon
91%
493 465 Toulouse
91%
98 656 Tourcoing
91%
28 117 Tournefeuille
91%
137 087 Tours
91%
20 692 La Celle-Saint-Cloud
90%
25 505 La Garde
90%
29 642 La Garenne-Colombes
90%
57 498 Le Blanc-Mesnil
90%
26 489 Le Gosier
90%
105 058 Nancy
90%
96 277 Nanterre
90%
318 808 Nantes
90%
55 516 Narbonne
90%
35 993 La Ciotat
89%
30 061 Le Plessis-Robinson
89%
19 829 Le Plessis-Trévise
89%
26 168 La Teste-de-Buch
88%
31 461 Lens
88%
25 024 Les Ulis
88%
66 082 Levallois-Perret
88%
181 194 Reims
88%
26 358 Remire-Montjoly
88%
220 488 Rennes
88%
42 919 Rezé
88%
342 669 Nice
87%
148 561 Nîmes
87%
59 193 Niort
87%
21 539 Lagny-sur-Marne
85%
27 400 Lambersart
85%
23 124 Lanester
85%
20 210 Lannion
85%
24 304 Laon
85%
62 987 La Seyne-sur-Mer
85%
49 733 Laval
85%
40 936 Bagneux
83%
36 060 Bagnolet
83%
30 837 Baie-Mahault
83%
48 503 Bastia
83%
51 894 Bayonne
83%
55 750 Meaux
82%
40 844 Melun
82%
30 525 Menton
82%
72 197 Mérignac
82%
118 489 Metz
82%
45 818 Meudon
82%
34 640 Meyzieu
82%
20 551 Beaune
81%
23 419 Beaupréau-en-Mauges
81%
57 071 Beauvais
81%
30 642 Bègles
81%
46 443 Belfort
81%
26 693 Bergerac
81%
117 912 Besançon
81%
25 039 Béthune
81%
78 308 Béziers
81%
31 671 Bezons
81%
19 850 Bressuire
81%
139 926 Brest
81%
27 412 Brétigny-sur-Orge
81%
46 330 Brive-la-Gaillarde
81%
42 244 Bron
81%
21 903 Bruay-la-Buissière
81%
19 403 Bruges
81%
25 330 Brunoy
81%
28 241 Dieppe
80%
158 002 Dijon
80%
29 896 Périgueux
80%
119 344 Perpignan
80%
20 557 Pertuis
80%
65 245 Pessac
80%
24 753 Petit-Bourg
80%
155 850 Angers
79%
39 719 Anglet
79%
41 603 Angoulême
79%
130 721 Annecy
79%
36 582 Annemasse
79%
73 438 Antibes
79%
62 760 Antony
79%
33 809 Roanne
79%
23 584 Rochefort
79%
24 475 Rodez
79%
22 851 Roissy-en-Brie
79%
30 087 Romainville
79%
33 098 Romans-sur-Isère
79%
46 024 Rosny-sous-Bois
79%
98 828 Roubaix
79%
112 321 Rouen
79%
38 285 Stains
77%
287 228 Strasbourg
77%
68 682 Colmar
76%
86 534 Colombes
76%
39 968 Colomiers
76%
21 627 Combs-la-Ville
76%
40 615 Compiègne
76%
19 816 Concarneau
76%
35 536 Conflans-Sainte-Honorine
76%
51 234 Corbeil-Essonnes
76%
25 406 Cormeilles-en-Parisis
76%
20 851 Coudekerque-Branche
76%
22 309 Couëron
76%
81 558 Courbevoie
76%
20 322 Cournon-d'Auvergne
76%
64 749 Valence
76%
43 229 Valenciennes
76%
27 364 Vallauris
76%
29 942 Vandœuvre-lès-Nancy
76%
53 719 Vannes
76%
27 846 Vanves
76%
52 795 Vaulx-en-Velin
76%
21 269 Longjumeau
75%
22 866 Loos
75%
57 246 Lorient
75%
23 181 Lormont
75%
522 969 Lyon
74%
39 187 Poissy
74%
89 212 Poitiers
74%
37 617 Pontault-Combault
74%
32 405 Pontoise
74%
21 322 Challans
73%
44 379 Châlons-en-Champagne
73%
45 056 Chalon-sur-Saône
73%
58 917 Chambéry
73%
76 990 Champigny-sur-Marne
73%
25 654 Champs-sur-Marne
73%
29 882 Charenton-le-Pont
73%
46 436 Charleville-Mézières
73%
38 534 Chartres
73%
43 122 Châteauroux
73%
31 487 Châtellerault
73%
34 021 Châtenay-Malabry
73%
36 639 Châtillon
73%
30 153 Chatou
73%
21 847 Chaumont
73%
20 771 Chaville
73%
55 154 Chelles
73%
20 828 Chemillé-en-Anjou
73%
78 549 Cherbourg-en-Cotentin
73%
19 988 Chevilly-Larue
73%
19 822 Chilly-Mazarin
73%
46 150 Choisy-le-Roi
73%
54 037 Cholet
73%
24 980 Vichy
71%
29 993 Vienne
71%
25 464 Vierzon
71%
31 394 Vigneux-sur-Seine
71%
36 291 Villefranche-sur-Saône
71%
55 208 Villejuif
71%
30 405 Villemomble
71%
36 754 Villenave-d'Ornon
71%
61 957 Villeneuve-d'Ascq
71%
24 097 Villeneuve-la-Garenne
71%
21 679 Villeneuve-le-Roi
71%
34 890 Villeneuve-Saint-Georges
71%
21 742 Villeneuve-sur-Lot
71%
26 580 Villeparisis
71%
37 713 Villepinte
71%
152 212 Villeurbanne
71%
28 423 Villiers-le-Bel
71%
28 895 Villiers-sur-Marne
71%
49 788 Vincennes
71%
30 865 Viry-Châtillon
71%
33 333 Vitrolles
71%
95 510 Vitry-sur-Seine
71%
47 535 Aubagne
70%
88 948 Aubervilliers
70%
22 173 Auch
70%
86 969 Aulnay-sous-Bois
70%
25 593 Aurillac
70%
34 451 Auxerre
70%
108 312 Mulhouse
66%
24 797 Muret
66%
21 788 Arcueil
64%
134 706 Amiens
63%
20 878 Neuilly-Plaisance
63%
35 907 Neuilly-sur-Marne
63%
59 599 Neuilly-sur-Seine
63%
33 005 Nevers
63%
26 688 Sens
63%
43 858 Sète
63%
51 734 Sevran
63%
25 162 Sèvremoine
63%
23 463 Sèvres
63%
23 092 Vélizy-Villacoublay
63%
67 285 Vénissieux
63%
23 727 Vernon
63%
84 808 Versailles
63%
25 541 Vertou
63%
111 038 Argenteuil
62%
50 454 Arles
62%
24 909 Armentières
62%
41 694 Arras
62%
52 925 Clamart
61%
147 865 Clermont-Ferrand
61%
63 089 Clichy
61%
28 782 Clichy-sous-Bois
61%
19 502 Albertville
60%
48 902 Albi
60%
25 870 Alençon
60%
41 837 Alès
60%
44 805 Alfortville
60%
21 372 Allauch
60%
25 694 Gradignan
58%
22 522 Grande-Synthe
58%
48 870 Grasse
58%
158 198 Grenoble
58%
28 201 Grigny
58%
25 787 Biarritz
57%
23 211 Fontaine
57%
25 531 Fontenay-aux-Roses
57%
52 008 Fontenay-sous-Bois
57%
21 597 Forbach
57%
76 512 Fort-de-France
57%
20 595 Fougères
57%
39 661 Gagny
56%
40 631 Gap
56%
21 521 Gardanne
56%
43 239 Garges-lès-Gonesse
56%
63 283 Quimper
56%
71 361 Ajaccio
55%
35 873 Dumbéa
55%
86 279 Dunkerque
55%
34 042 Nogent-sur-Marne
55%
20 780 Nogent-sur-Oise
55%
67 871 Noisy-le-Grand
55%
44 463 Noisy-le-Sec
55%
94 285 Nouméa
55%
22 128 Dammarie-les-Lys
53%
20 843 Dax
53%
21 979 Millau
53%
26 428 Miramas
53%
20 648 Mitry-Mory
53%
43 820 Talence
53%
42 758 Tarbes
53%
22 286 Tassin-la-Demi-Lune
53%
26 872 Taverny
53%
32 645 Trappes
53%
36 461 Tremblay-en-France
53%
61 957 Troyes
53%
28 712 Soissons
50%
29 068 Sotteville-lès-Rouen
50%
25 496 Cenon
49%
65 911 Cergy
49%
23 711 Dole
49%
39 613 Douai
49%
28 772 Orange
48%
116 269 Orléans
48%
24 627 Orly
48%
27 209 Orvault
48%
26 553 Oullins
47%
34 592 Six-Fours-les-Plages
43%
46 349 Évreux
42%
66 851 Évry-Courcouronnes
42%
28 930 Décines-Charpieu
41%
19 877 Denain
41%
22 149 Deuil-la-Barre
41%
21 887 Gujan-Mestras
41%
29 471 Guyancourt
41%
27 141 Rambouillet
41%
145 133 Aix-en-Provence
40%
30 463 Aix-les-Bains
40%
26 385 Lunel
40%
28 103 Punaauia
40%
45 157 Puteaux
40%
91 143 Avignon
39%
29 506 Faaa
39%
30 697 Rillieux-la-Pape
39%
29 745 Ris-Orangis
39%
36 169 Creil
38%
93 246 Créteil
38%
20 881 Croix
38%
27 157 Sucy-en-Brie
38%
49 311 Suresnes
38%
35 196 Haguenau
37%
20 743 Halluin
37%
21 408 Hazebrouck
37%
26 597 Bussy-Saint-Georges
36%
78 317 Rueil-Malmaison
36%
22 980 Abbeville
34%
25 525 Blagnac
34%
45 898 Blois
34%
48 530 Gennevilliers
34%
20 372 Voiron
34%
29 600 Agde
33%
32 602 Agen
33%
26 106 Gonesse
32%
31 068 Goussainville
32%
39 433 Draguignan
31%
72 376 Drancy
31%
28 602 Draveil
31%
30 646 Dreux
31%
37 394 Franconville
31%
54 458 Fréjus
31%
28 710 Fresnes
31%
23 028 Frontignan
31%
87 143 Asnières-sur-Seine
30%
21 007 Gif-sur-Yvette
30%
20 285 Givors
30%
25 992 Hénin-Beaumont
30%
31 314 Herblay-sur-Seine
30%
22 555 Hérouville-Saint-Clair
30%
35 670 Athis-Mons
29%
22 433 Épernay
29%
32 256 Épinal
29%
54 611 Épinay-sur-Seine
29%
19 652 Joinville-le-Pont
27%
38 444 Joué-lès-Tours
27%
21 529 Achères
24%
32 801 Houilles
24%
67 981 Issy-les-Moulineaux
24%
43 626 Istres
24%
25 629 Étampes
22%
30 676 Thiais
21%
40 778 Thionville
21%
35 826 Thonon-les-Bains
21%
28 939 Ermont
20%
32 156 Koungou
19%
24 903 Kourou
19%
54 821 Hyères
17%
63 748 Ivry-sur-Seine
16%
25 624 Élancourt
15%
30 950 Plaisir
15%
20 860 Wasquehal
15%
40 898 Wattrelos
15%
36 932 Échirolles
13%
26 698 Illkirch-Graffenstaden
11%
22 386 Olivet
11%
33 780 Schiltigheim
11%
21 010 Fleury-les-Aubrais
10%
25 335 Eaubonne
8%
20 004 Sceaux
8%
19 612 Schœlcher
8%
24 488 Eysines
7%
29 318 Yerres
6%
22 456 Oyonnax
5%
32 071 L' Haÿ-les-Roses
3%
20 532 Ozoir-la-Ferrière
3%
Aucun quiz correspondant
Distribution des résultats
% des personnes avec chaque résultat
Percentile par nombre de réponses
Votre historique - résultats
Vous n’avez pas pris ce quiz